ANNE ULLBERG, Au chemin de salvation. La chanson spirituelle réformée (1533-1678). Uppsala, Uppsala Universitet, Studia Romanica Upsaliensia n° 77, 2008. Un vol. de 409 p. (notice n° 1655429)
[ vue normale ]
| 000 -LEADER | |
|---|---|
| fixed length control field | 00641cam a2200145 4500500 |
| 005 - DATE AND TIME OF LATEST TRANSACTION | |
| control field | 20260208010155.0 |
| 041 ## - LANGUAGE CODE | |
| Language code of text/sound track or separate title | fre |
| 042 ## - AUTHENTICATION CODE | |
| Authentication code | dc |
| 100 10 - MAIN ENTRY--PERSONAL NAME | |
| Personal name | Mantero, Anne |
| Relator term | author |
| 245 00 - TITLE STATEMENT | |
| Title | ANNE ULLBERG, Au chemin de salvation. La chanson spirituelle réformée (1533-1678). Uppsala, Uppsala Universitet, Studia Romanica Upsaliensia n° 77, 2008. Un vol. de 409 p. |
| 260 ## - PUBLICATION, DISTRIBUTION, ETC. | |
| Date of publication, distribution, etc. | 2014.<br/> |
| 500 ## - GENERAL NOTE | |
| General note | 70 |
| 786 0# - DATA SOURCE ENTRY | |
| Note | Revue d'histoire littéraire de la France | 114 | 4 | 2014-12-01 | p. 947d-953d | 0035-2411 |
| 856 41 - ELECTRONIC LOCATION AND ACCESS | |
| Uniform Resource Identifier | <a href="https://shs.cairn.info/revue-d-histoire-litteraire-de-la-france-2014-4-page-947d?lang=fr&redirect-ssocas=7080">https://shs.cairn.info/revue-d-histoire-litteraire-de-la-france-2014-4-page-947d?lang=fr&redirect-ssocas=7080</a> |
Pas d'exemplaire disponible.




Réseaux sociaux